[Event "CAN-ch U12 Girls"]
[Site "Ottawa"]
[Date "2007.07.04"]
[Round "4"]
[White "Packo, Bianca"]
[Black "Powell, Ashley"]
[Result "0-1"]
[WhiteElo "1192"]
[BlackElo "1106"]
[PlyCount "82"]
[EventDate "2007.07.03"]
[EventType "tourn"]
[EventRounds "7"]
[EventCountry "CAN"]
[SourceTitle "EXT 2022"]
[Source "ChessBase"]
[SourceDate "2021.10.06"]
[SourceVersion "1"]
[SourceVersionDate "2021.10.06"]
[SourceQuality "1"]

1. Nf3 Nc6 2. Nc3 e5 3. e3 Nf6 4. h4 Bc5 5. Ng5 0-0 6. e4 h6 7. Nf3 Ng4 8. Qe2 Nb4 9. Qc4 Nxc2+ 10. Kd1 Nxa1 11. Qxc5 d6 12. Qd5 Nxf2+ 13. Ke1 Nxh1 14. Qd3 Ng3 15. Nh2 Qxh4 16. Nf3 Qd8 17. Nh2 Nxf1 18. Kxf1 Qf6+ 19. Ke2 Qh4 20. Nf1 Bg4+ 21. Ke3 Qg5+ 22. Kf2 Qh4+ 23. Ng3 Qf6+ 24. Kg1 Rfe8 25. Qe3 Nc2 26. Nd5 Qe6 27. Qf2 Rac8 28. d3 c6 29. Nf5 cxd5 30. Qh4 Be2 31. Bxh6 f6 32. Bxg7 Kf7 33. Qh5+ Bxh5 34. Kh2 dxe4 35. dxe4 Ne1 36. Kh3 Rc2 37. Kh4 Rxg2 38. Kh3 Qxf5+ 39. exf5 Kxg7 40. Kh4 Bf3 41. b4 Rh8# 0-1

[Event "CAN-ch U12 Girls"]
[Site "Ottawa"]
[Date "2007.07.03"]
[Round "1"]
[White "Roy, Myriam"]
[Black "Packo, Bianca"]
[Result "1-0"]
[WhiteElo "1978"]
[BlackElo "1192"]
[PlyCount "41"]
[EventDate "2007.07.03"]
[EventType "tourn"]
[EventRounds "7"]
[EventCountry "CAN"]
[SourceTitle "EXT 2022"]
[Source "ChessBase"]
[SourceDate "2021.10.06"]
[SourceVersion "1"]
[SourceVersionDate "2021.10.06"]
[SourceQuality "1"]

1. e4 Nc6 2. d4 Nf6 3. Nc3 e5 4. Nf3 Nxd4 5. Nxd4 Bc5 6. Nf3 Ng4 7. Be3 Nxe3 8. fxe3 d6 9. Qd2 c6 10. Bc4 Qb6 11. Na4 Qb4 12. Nxc5 dxc5 13. Qxb4 cxb4 14. Nxe5 Rf8 15. 0-0 b5 16. Bxf7+ Rxf7 17. Rxf7 Be6 18. Rxg7 Rd8 19. Nxc6 Rd2 20. Rf1 Bc4 21. Re7# 1-0

[Event "CAN-ch U12 Girls"]
[Site "Kitchener"]
[Date "2006.07.10"]
[Round "2"]
[White "Packo, Bianca"]
[Black "Botez, Alexandra"]
[Result "0-1"]
[WhiteElo "1056"]
[BlackElo "1436"]
[PlyCount "40"]
[EventDate "2006.07.10"]
[EventType "tourn"]
[EventRounds "6"]
[EventCountry "CAN"]
[SourceTitle "CBM 113 Extra"]
[Source "ChessBase"]
[SourceDate "2006.09.14"]
[SourceVersion "1"]
[SourceVersionDate "2006.09.14"]
[SourceQuality "1"]

1. h4 e5 2. Nh3 d5 3. e3 c5 4. Bb5+ Bd7 5. Bd3 c4 6. Bf1 Bd6 7. Qf3 e4 8. Qe2 Qxh4 9. g3 Qd8 10. f3 Bxg3+ 11. Kd1 h5 12. fxe4 Bg4 13. Ng5 Bxe2+ 14. Bxe2 Qxg5 15. Nc3 Nf6 16. b4 Nxe4 17. Rf1 Nf2+ 18. Rxf2 Bxf2 19. b5 Qg1+ 20. Bf1 Qxf1# 0-1